Yan Giron, Précis de la puissance maritime. Vers la faculté d’agir sur les océans, RL21 Éditions, 2018, 215 p. (notice n° 1609002)

détails MARC
000 -LEADER
fixed length control field 02743cam a2200169 4500500
005 - DATE AND TIME OF LATEST TRANSACTION
control field 20251228151239.0
041 ## - LANGUAGE CODE
Language code of text/sound track or separate title fre
042 ## - AUTHENTICATION CODE
Authentication code dc
100 10 - MAIN ENTRY--PERSONAL NAME
Personal name Rohée, Thomas
Relator term author
245 00 - TITLE STATEMENT
Title Yan Giron, Précis de la puissance maritime. Vers la faculté d’agir sur les océans, RL21 Éditions, 2018, 215 p.
260 ## - PUBLICATION, DISTRIBUTION, ETC.
Date of publication, distribution, etc. 2020.<br/>
500 ## - GENERAL NOTE
General note 27
520 ## - SUMMARY, ETC.
Summary, etc. Le 1er août 2014, l’opération Serval est remplacée par l’opération Barkhane. Cette dernière est dorénavant une opération régionale qui s’étend sur plusieurs pays ; ce qui est une première pour l’armée française. L’étirement des troupes sur une zone de taille comparable à celle de l’Europe impose des contraintes logistiques importantes. Dans cet environnement, l’aviation joue un rôle incontournable pour ravitailler et appuyer les soldats. Toutefois la mauvaise compréhension des contraintes d’emploi de la puissance aérienne peut entraîner des difficultés de synchronisation air/sol. En effet, même si les forces terrestres et aériennes font face aux mêmes conditions natu­relles, ces dernières n’ont pas le même impact sur ces deux armées, entraînant certaines incompréhensions. Au sol, les troupes subissent l’environnement tandis que les appareils de l’armée de l’air ne sont sensibles à ces phénomènes qu’à partir du moment où ils touchent le sol. Malgré ces difficultés des moyens ont été mis en œuvre pour permettre une combinaison des moyens aériens et terrestres.
520 ## - SUMMARY, ETC.
Summary, etc. The 1st of august 2014 , the operation Serval is replaced by the operation Barkhane. The last one is a regional operation spreading over several countries ; this is a first for the French army. This spread of the troops on this geographical area comparable in size to European continent impose large logistic constraints. In this environment, the aviation has an essential role in order to suppply and support troops on the ground. Nevertheless, the misun­derstanding of certain employement limitations of air power could lead diffi­culties of synchronisation between ground and the air. Indeed, even if the ground and aerial forces have to face of the same climatic conditions, they have not the same impact on these two armies, causing misunderstandings. On the ground, troops suffer from this environment whereas the aircraft of the air force are impacted to theses phenomenals only when they touch the ground. Despite of theses complications, different ways have been implemented to allow a combination of aerial and ground means.
786 0# - DATA SOURCE ENTRY
Note Stratégique | 123 | 3 | 2020-06-04 | p. 275e-285e | 0224-0424
856 41 - ELECTRONIC LOCATION AND ACCESS
Uniform Resource Identifier <a href="https://shs.cairn.info/revue-strategique-2019-3-page-275e?lang=fr&redirect-ssocas=7080">https://shs.cairn.info/revue-strategique-2019-3-page-275e?lang=fr&redirect-ssocas=7080</a>

Pas d'exemplaire disponible.

PLUDOC

PLUDOC est la plateforme unique et centralisée de gestion des bibliothèques physiques et numériques de Guinée administré par le CEDUST. Elle est la plus grande base de données de ressources documentaires pour les Étudiants, Enseignants chercheurs et Chercheurs de Guinée.

Adresse

627 919 101/664 919 101

25 boulevard du commerce
Kaloum, Conakry, Guinée

Réseaux sociaux

Powered by Netsen Group @ 2025